Gerencia exitosa de ventas: métodos, secretos y estrategias para dirigir equipos de vendedores hacia el éxito (Registro nro. 11171)

Detalles MARC
000 -Cabecera
Campo de control de longitud fija 01091nam a22003617a 4500
005 - Fecha y hora de la última transacción
Campo de control 20260216134346.0
008 - Elementos de longitud fija--Información general
Campo de control de longitud fija 180926b2016 xxu||||| |||| 00| 0 spa d
020 ## - International Standard Book Number
Número Internacional Estándar del Libro (ISBN) 9789506416164
041 ## - Idioma
Código de idioma Español
082 ## - Clasificación Decimal Dewey
Número de clasificación 658.81 D441g
100 ## - Entrada principal--Autor personal
Nombre personal De Salterain, Facundo
9 (RLIN) 49887
245 ## - Título propiamente dicho
Título Gerencia exitosa de ventas: métodos, secretos y estrategias para dirigir equipos de vendedores hacia el éxito
260 ## - Pie de imprenta
Lugar de publicación, distribución, etc. Argentina
260 ## - Pie de imprenta
Nombre del editor, distribuidor, etc. Granica
260 ## - Pie de imprenta
Fecha de publicación, distribución, etc. 2016
300 ## - Descripción física
Extensión 293 páginas
490 ## - Serie
Título de la Serie Dirección y Administración de Empresas
650 ## - Materia general
Temática (materia general) GERENCIA DE VENTAS
650 ## - Materia general
Temática (materia general) MARKETING
650 ## - Materia general
Temática (materia general) GERENTE DE VENTAS EXITOSO
650 ## - Materia general
Temática (materia general) MERCADOTECNIA
650 ## - Materia general
Temática (materia general) PLAN DE RECLUTAMIENTO
650 ## - Materia general
Temática (materia general) VENTAS
650 ## - Materia general
Temática (materia general) TRANSFORMAR VENDEDORES
650 ## - Materia general
Temática (materia general) EVALUACIÓN
650 ## - Materia general
Temática (materia general) COMUNICACIÓN EFECTIVA CON LOS VENDEDORES
650 ## - Materia general
Temática (materia general) PENSAMIENTO DE UN GERENTE DE VENTAS
650 ## - Materia general
Temática (materia general) MOTIVACIÓN A VENDEDORES
650 ## - Materia general
Temática (materia general) LIDERAZGO
650 ## - Materia general
Temática (materia general) EQUIPO DE TRABAJO
650 ## - Materia general
Temática (materia general) PROGRAMAS DE REMUNERACIÓN
942 ## - Punto de acceso adicional KOHA
Tipo de ítem KOHA Libro
Fuente del sistema de clasificación o colocación Dewey Decimal Classification
Existencias
Signatura completa Código de barras Programa Académico Tipo de ítem
658.81 D441g 23586 Dirección y Administración de Empresas Libro